Statystyki dla Państwa z ludnością powyżej 50 milionów

Kliknij tutaj aby rozwiązać quiz!

Ogólne statystyki

  • Ten quiz został rozwiązany 20 652 razy
  • Średni wynik to 20 z 29

Statystyki odpowiedzi

DataLudnośćKraj% Poprawnych
100 p.n.e1434 mlnChiny
98%
1825 r.145 mlnRosja
97%
1880 r.342 mlnStany Zjednoczone
97%
500 r.1420 mlnIndie
93%
1893 r.83,3 mlnNiemcy
93%
1966 r.67,4 mlnFrancja
92%
1949 r.216 mlnBrazylia
90%
1911 r.124 mlnJaponia
85%
1969 r.128 mlnMeksyk
82%
1948 r.68,1 mlnWielka Brytania
81%
1960 r.59,0 mlnWłochy
79%
1985 r.112 mlnEgipt
76%
2008 r.60,1 mlnPołudniowa Afryka
74%
1985 r.85,5 mlnTurcja
70%
1916 r.276 mlnIndonezja
69%
1965 r.220 mlnNigeria
67%
1987 r.88,8 mlnIran
65%
2012 r.51,8 mlnKorea Południowa
60%
1964 r.237 mlnPakistan
60%
2003 r.100 mlnDem. Rep. Konga
55%
1960 r.172 mlnBangladesz
51%
1984 r.71,7 mlnTajlandia
51%
2018 r.51,9 mlnKolumbia
50%
1977 r.98,4 mlnWietnam
50%
1992 r.124 mlnEtiopia
48%
1982 r.116 mlnFilipiny
42%
2017 r.54,4 mlnKenia
42%
2005 r.54,3 mlnMjanma
32%
2014 r.66,2 mlnTanzania
29%

Rozkład punktacji

Percentyl według liczby udzielonych odpowiedzi

Procent ludzi z każdym wynikiem

Twoja historia wyników

Nie rozwiązałeś tego quizu